Oceania Countries - Statistics

General Stats
  • This quiz has been taken 32 times
  • The average score is 11 of 14
Answer Stats
Answer % Correct
Australia
95%
Papua New Guinea
90%
Tonga
90%
Fiji
85%
New Zealand
85%
Samoa
85%
Palau
80%
Solomon Islands
80%
Vanuatu
80%
Kiribati
75%
Marshall Islands
75%
Tuvalu
75%
Micronesia
70%
Nauru
65%
No matching quizzes found
Score Distribution
Percent of People with Each Score
Percentile by Number Answered
Your Score History
You have not taken this quiz